[Event "Budapest FS12 GM"]
[Site "Budapest"]
[Date "2000.12.06"]
[Round "4"]
[White "Radjabov, Teimour"]
[Black "Czebe, Attila"]
[Result "1-0"]
[WhiteElo "2476"]
[BlackElo "2520"]
[Annotator "Radjabov,T"]
[PlyCount "133"]
[EventDate "2000.12.??"]
[EventType "tourn"]
[EventRounds "11"]
[EventCountry "HUN"]
[EventCategory "8"]
[SourceTitle "CBM 079 Extra"]
[Source "ChessBase"]
[SourceDate "2001.01.11"]
[SourceVersion "2"]
[SourceVersionDate "2001.01.25"]
[SourceQuality "1"]

1. d4 e6 2. c4 b6 3. a3 g6 {Before this game, when I prepared, I have seen
some games for this "new" system.  Main game is : Xu.J-Short.N 0-1 Shenyang
World Cup 2000...} 4. Nc3 Bg7 5. e4 Ne7 6. Nf3 d6 7. Bd3 Nd7 8. Be3 Bb7 9. Qd2
h6 10. O-O f5 $6 (10... g5 {...Short played g5, but I prepared something there
too.}) 11. Rae1 $5 {Rook on f1 will probably play at the g file after Bxf3.} (
11. Rfe1 $5) 11... Nf6 12. exf5 Bxf3 13. gxf3 $5 (13. fxe6 $5 {I wanted to
play this first, but then I decided that gxf3 will be probably better, I have
not seen Over The Board how to play after Bg4!? then after d5, Bf5 or h5 and
then 0-0. But probably it was possible to play this too.} Bg4 $5 14. d5 Bf5 $5
$13 (14... h5 15. Bg5 O-O $13)) 13... Nxf5 14. Kh1 $5 {Interesting move now my
idea of Rae1 is known. Rook f1 goes to g1 and attacking on g6 not possible 0-0
because of Bxf5 and Bh6.} O-O $2 (14... Nh4 $6 15. Bf4 g5 (15... O-O 16. Rxe6
g5 17. Bg3 Nxf3 18. Qe3 g4 19. d5 Nd7 20. Be2 (20. Rxh6 $3 Bxh6 21. Qxh6 Rf7
22. Bg6 $5 Rg7 23. Bf5 Nd4 24. Be6+ Nxe6 25. dxe6 Nf8 26. Bh4 $1 Qe8 27. Bf6
Nxe6 28. Bxg7 Nxg7 29. Rg1 $1 Qf7 30. Rxg4 Re8 31. Kg2 $1 $18) 20... h5 21. h3
$1 $16) 16. Rxe6+ Kf7 17. Rfe1 $5 (17. d5 $1 gxf4 (17... Re8 $8 18. Bg3 $18)
18. Qxf4 $18) 17... Nxf3 18. Re7+ $2 (18. Bg6+ Kxg6 (18... Kf8 19. Qd1 Nxe1 20.
Bg3 $4 (20. Bd2 $1 Nd3 21. Bxd3 Kf7 22. Qe2 Re8 23. d5 Kg8 24. f4 $1 $40) 20...
h5 $1 $17) 19. Qd3+ Kf7 20. Qxf3 gxf4 21. Qxf4) 18... Kf8 $1 $19 (18... Kg8 $4
19. Qe3 $1 $18)) 15. Bxf5 exf5 16. Bxh6 $16 Qd7 17. Rg1 Qf7 18. Qg5 Rae8 19.
Rxe8 Rxe8 20. Qxg6 Qxg6 21. Rxg6 Re1+ 22. Kg2 Nh5 23. Bd2 $1 $18 Re8 24. Rg5
Nf6 25. Rxf5 {Absoulutely winning position in which I made big problems for
my-self!} c6 26. Bf4 $5 (26. d5 $5 cxd5 27. cxd5 {And now all the pawns of
Black is on the Black squares Bishop on d2 will have very pretty meal on d6 a7
and b6!  But ofcourse Bf4 is not bad at all.}) 26... Kf7 27. Bxd6 Kg6 28. Rf4
$2 {For me it is question mark because I found big troubles after this move.} (
28. Re5 Rd8 29. Re6 $5 Kf5 {I does not found Bc7!! Just this move which
attacks rook on d8 and pawn on c6.} 30. Bc7 $3 Rxd4 31. Rxc6 $18) 28... Bh6 29.
Rh4 Bg5 $1 {The best defence!} 30. Rh3 Bc1 31. Rg3+ Kf7 32. b4 (32. b3 {
I was thinking I am doing better move than b3 and played... But b3 is better I
missed later one move of my opponent!} Bb2 33. Ne4 $1 Bxd4 $4 (33... Nxe4 34.
fxe4 Rxe4 35. d5 $18) 34. Ng5+ $18 {Then just Ne6 check and Nxd4.}) 32... Bxa3
33. Ne4 {Position is winning but still I have difficulties!} a5 $1 {That what
I missed when played b4! Now it is very dangerious that pawn on b4 is attacked
and a4 with Bb2 and a3 is somewhere will be really unpretty!} 34. bxa5 $6 {
I was thinking that 5 pawns against one bishop is really strong in this
endgame but the problem is that black can play c5 somewhere and my center
getting blockated!} (34. Be5 Nxe4 35. fxe4 Bxb4 36. Rg7+ Ke6 $4 (36... Kf8 $8
37. Ra7 {Rook on a7 controlling a pawn and now whites pawns on h2 or on f2 can
go forward with the big effect!} (37. Rb7 $5)) 37. f4 $18 {Next f5 mate is the
threat! after Be7 just f5 and f6, after Re7 f5+ and f6.}) 34... Nxe4 35. fxe4
Bxd6 36. Rf3+ $6 (36. e5 $5 Bc7 37. a6 Ra8 38. Ra3 b5 39. cxb5 cxb5 40. Kf3 $1
$18 {And here I think I was winning! But I played absoulutely another way
which seemed to be winning too!   In this position whites king is going to e4
and then just d5 and f4 with super strong center and absoulutely winning
position!}) 36... Ke6 37. axb6 Rg8+ 38. Kf1 c5 $6 (38... Bxh2 39. c5 Rg1+ 40.
Ke2 Rc1 41. Rh3 $18) 39. e5 (39. dxc5 Bxc5 40. b7 Rb8 41. Rb3 (41. Rf5 $1 Kd6
42. Rf7 Bb6 (42... Ke6 $1 43. Rh7 (43. Rc7 Bd6 44. Rc6 Kd7 45. Rb6 Kc7 46. Rb1
Bxh2 47. Kg2 Bd6 48. Kh3 Rh8+ (48... Rxb7 49. Rxb7+ Kxb7 50. Kg4 Kc6 51. f4 (
51. Kf5 Kc5 52. e5 Bc7 53. Ke4 (53. f4 Kxc4 54. Ke6 Kd4 $1 $11) (53. e6 Bd8 54.
Ke5 Kxc4 55. f4 Kc5 56. f5 Kc6 57. f6 Kc7 $3 58. Kf5 Kd6 $11 {See 51.f4-}) (53.
Kf6 Bd8+ 54. Ke6 Kxc4 55. f4 Kd4 56. f5 (56. Kd7 Bh4 $11) 56... Bc7 $1 57. f6
Bxe5 58. f7 Bg7 $11) 53... Kxc4 54. f4 Kc5 55. f5 Kc6 56. f6 Kd7 $11) 51... Kc5
52. e5 Bc7 53. Kf5 (53. e6 Bd8 54. Kf5 Kxc4 55. Ke5 Kc5 56. f5 Kc6 $1 (56...
Bc7+ 57. Kf6 $18) 57. f6 Bc7+ (57... Kc7 $3 58. Kf5 Kd6 $11) 58. Kf5 Kd6 59. e7
Kd7 60. Kg6 Ke8 61. f7+ Kxe7 62. Kg7 $18) 53... Kxc4 54. e6 Bd6 55. Ke4 Kc5 56.
f5 Kc6 57. f6 Bb4 $3 58. Kf5 Kd6 $11) 49. Kg4 Kb8 50. f4 Rg8+ 51. Kf3 Rf8 52.
f5 $16) 43... Be7 44. Rh6+ Ke5 45. Rb6 Bd8 46. Rb1 (46. Rb5+ Kxe4 47. Ke2 Kd4
48. c5 Kc4 49. Rb1 Kxc5 50. Rc1+ Kb6 51. Rc8 Kxb7 52. Rxb8+ Kxb8 $11) 46...
Kxe4 47. Ke2 Kd4 48. Kf3 Be7 49. Rd1+ Kxc4 50. Rd7 Bd8 51. Ke4 Kc5 52. Ke5 Kc6
53. Ke6 Bc7 $11) 43. h4 Bc7 44. h5 Rxb7 45. h6 Rb1+ 46. Kg2 Rb8 47. e5+ Kc6 48.
f4 $18) 41... Ke5 42. f3 (42. h4 Kd4 $1 (42... Kxe4 $5 $11 {But here draw is
more difficult!} 43. h5 Kd4 44. h6 Kxc4 45. Rb1 Bd6 46. h7 $2 Rh8 $11 47. Rd1 (
47. Ke2 Rxh7 48. b8=Q Bxb8 49. Rxb8 Re7+ 50. Kf3 Kd5 51. Rb3 Rf7+ 52. Kg2 Kd4
53. Re3 Rg7+ 54. Kf3 Rf7+ 55. Ke2 Rf4 $11) 47... Kc5 48. Ke2 Kc6 49. Kf3 Bb8
50. Rh1 Kxb7 51. Kg4 Kc6 52. Kg5 (52. f4 Ba7 53. f5 Bd4 54. Kg5 Rf8 55. Rh6+
Kd5 56. Ra6 Bh8 57. Kg6 Ke5 58. Re6+ Kd5 $11) 52... Ba7 53. f4 (53. f3 Be3+ 54.
Kg6 Bd4 55. f4 Rf8 $11) 53... Be3 $1 54. Rh3 Bd2 55. Rh4 Kd5 56. Kf5 (56. Kg6
$4 Rxh7 $3 $11 57. Kxh7 Ke4 $11)) 43. h5 Kxc4 44. Rb1 Bb4 45. Rc1+ Bc3 $11)
42... Kd4 43. Ke2 Kxc4 44. Rb1 Bb4 45. Rc1+ Kb5 46. Rc7 Kb6 47. Rf7 Rxb7 48.
Rxb7+ Kxb7 49. f4 Kc6 50. h4 Kd7 51. h5 Ke6 52. Kf3 Kf6 (52... Kf7 $5 53. Kg4 (
53. e5 Kg7 54. f5 Kh6 $11) 53... Kg7 54. Kg5 Be7+ 55. Kf5 Kh6 56. Kg4 Bb4 57.
e5 Bc3 58. e6 Bf6 59. Kf5 Be7 $11) 53. Kg4 $13) 39... Be7 40. Rb3 $2 (40. Rg3
$1 {I have seen this move over the board but I does not seen Rg6- Kf7 - Rc6-
cd and here Ke2! then just pawns going f4 and c5 and f5!+-} Rb8 41. Rg6+ Kf5 (
41... Kf7 42. Rc6 cxd4 43. Ke2 $18) 42. Rg7 Bf8 43. Rc7 $5 cxd4 44. c5 Kxe5 45.
b7 Kd5 46. c6 Bd6 47. Rc8 Bxh2 48. c7 $18) 40... cxd4 41. b7 Rb8 42. Rb5 Bg5 $1
43. h4 $1 {Only chance I think for a win which worked well!} Bf4 (43... Bxh4 $1
{Was really better My opponent was afraid that I will compare my pawns by f4
after Ke2 but it is not more dangerious than in game ! There I just activated
my h pawn!} 44. Ke2 $8 {Only move to try for a win! Now I want f3 then Kd3 and
if it will be possible then Ke4! And f4 as ideal. somewhere c5 is a threat!
Pawn on d4 is very bad placed for Black!}) 44. Ke2 Bxe5 45. h5 Bc7 46. Kd3 Kd6
47. h6 Rh8 48. Kxd4 Kc6 (48... Rxh6 49. b8=Q Rh4+ 50. Kd3 Bxb8 51. Rxb8 Rf4 52.
Rb2 Kc5 53. Rc2 Rf8 54. Ke3 Re8+ 55. Kf3 Rf8+ 56. Kg2 Rg8+ 57. Kf1 Rf8 58. Re2
(58. Rc1 Rh8 59. Ke2 Re8+ 60. Kd3 Rd8+ 61. Ke4 Re8+ 62. Kf4 Rf8+ 63. Kg3 Rg8+
64. Kh4 Rh8+ 65. Kg5 Rg8+ 66. Kh6 Rf8 67. Rc2 {Black is in Zugzwang!} Rh8+ (
67... Kd4 68. c5 Kd3 69. Rc1 (69. Ra2 $1 Rc8 70. f4 Rxc5 71. Ra4 $1 Ke3 72. Kg6
Rc6+ 73. Kg5 Rc7 74. f5 $18) 69... Kd2 70. Rg1 (70. Rf1 Ke2 71. Rg1 Kxf2 72.
Kg7 Rc8 73. Rg5 Ke3 74. Kf6 Kd4 $11) 70... Rxf2 71. c6 Rf6+ 72. Rg6 Rf7 $11)
68. Kg7 Rh4 69. Kg6 Rh2 70. Kg5 Rg2+ 71. Kh4 Kd4 72. Kh3 Rg6 73. c5 Kd3 74. Rc1
Kd2 75. Rc4 Kd3 76. Rg4 Rc6 77. Rg5 Ke4 78. Kg3 Rf6 79. Kg2 Rc6 80. f3+ Kf4 81.
Rg4+ $18) 58... Kxc4 59. Rd2 Kc3 60. Rd7 Kc4 61. Ke2 Re8+ 62. Kf3 Rf8+ 63. Kg3
Rg8+ $11) 49. h7 Bb8 50. Rh5 Kxb7 51. Kd5 Kc7 52. Ke6 Ba7 53. f4 Bd4 54. f5 Rd8
55. c5 Bh8 56. f6 {Ok , We came to the position which is really interesting!
Now white's idea is to put rook on g7 or g8 in the pretty for it moment! Let's
see what happens!} Rd1 57. Rg5 Re1+ 58. Kf7 Rf1 $4 (58... Rh1 59. Rg7 $18) (
58... Rd1 $1 59. Rf5 (59. Rg7 Kc6 60. Kf8 Rd8+ 61. Ke7 $11) (59. Kg6 Kd7 60.
Re5 Rf1 61. Rf5 Rg1+ 62. Kf7 Kc6 63. Ke8 Re1+ 64. Kf8 Rg1 65. f7 Bg7+ 66. Ke8
Re1+ 67. Kd8 Rd1+ 68. Kc8 Ra1 $11) (59. Re5 $3 {This pretty move I have seen
over the board at the moment of the game, and was very happy that I found this
move/possibility. This nice move making all black hopes impossible!} Rh1 (59...
Rf1 60. Re7+ Kc6 61. Kg8 Bxf6 62. Re6+ Kxc5 63. Rxf6 Rxf6 64. h8=Q $18) (59...
Rd8 60. Re6 $1 Rc8 61. Ke7 Rb8 62. Rd6 $1 Ra8 63. f7 Bg7 64. Rd7+ Kc6 65. Rd8
$1 $18) 60. Re7+ Kc6 61. Kg8 Bxf6 62. Re6+ $18) 59... Rd3 60. Kg6 Rg3+ $11) 59.
Rg7 $3 $18 Bxg7 60. Kxg7 Rg1+ 61. Kh6 Rh1+ 62. Kg6 Kd7 (62... Kd8 63. c6 Rg1+
64. Kf5 Rh1 65. f7 Ke7 66. c7 $18) 63. c6+ Ke6 64. c7 Rg1+ 65. Kh6 Rh1+ 66. Kg7
Rg1+ 67. Kf8 {Here Black resigned.  The last possibility Rc1 I was calculating
over the board and there I found forcing variation to win, ofcourse just Queen
against rook but there is more better really beautiful forcing variation!  67..
.Rc1 68.h8Q-Rxc7 69.Qh3+-Kxf6 70.Qh6+!-Kf5 71.Qd6!! And position is winning
rook have no place to go only move is 71...Rc8+ 72.Kf7 +-!} 1-0

[Event "Budapest FS12 GM"]
[Site "Budapest"]
[Date "2000.12.07"]
[Round "5"]
[White "Resika, Nathan A"]
[Black "Radjabov, Teimour"]
[Result "1/2-1/2"]
[WhiteElo "2267"]
[BlackElo "2476"]
[PlyCount "123"]
[EventDate "2000.12.??"]
[EventType "tourn"]
[EventRounds "11"]
[EventCountry "HUN"]
[EventCategory "8"]
[SourceTitle "CBM 079 Extra"]
[Source "ChessBase"]
[SourceDate "2001.01.11"]
[SourceVersion "2"]
[SourceVersionDate "2001.01.25"]
[SourceQuality "1"]

1. e4 e6 2. d4 d5 3. Nc3 Nf6 4. e5 Nfd7 5. f4 c5 6. Nf3 a6 7. Be3 Qb6 8. Na4
Qc6 9. Nxc5 Nxc5 10. dxc5 Bxc5 11. Qd2 O-O 12. O-O-O Bd7 13. Bd3 Rc8 14. Kb1
Qb6 15. Bxc5 Qxc5 16. g4 Nc6 17. h4 Nb4 18. h5 Bb5 19. f5 d4 20. f6 Bxd3 21.
cxd3 gxf6 22. exf6 Qd5 23. Qxb4 Qxf3 24. g5 Qf2 25. g6 Rc7 26. Rhf1 Qc2+ 27.
Ka1 Rac8 28. a3 Qc5 29. Qd2 fxg6 30. hxg6 hxg6 31. Rh1 Qe5 32. Rdf1 g5 33. Qg2
Rh7 34. Rxh7 Kxh7 35. f7 Kg7 36. Qxb7 Rf8 37. Qf3 Kg6 38. Rh1 Kg7 39. Rf1 a5
40. Qh5 Qe3 41. Rh1 Qf4 42. Rg1 Kf6 43. Qh6+ Ke7 44. Qxg5+ Qxg5 45. Rxg5 Rxf7
46. Rxa5 Rf3 47. Kb1 Rxd3 48. Kc2 Rh3 49. Rb5 Kd6 50. a4 e5 51. a5 e4 52. a6
Rh2+ 53. Kb3 Rh8 54. a7 Ra8 55. Ra5 Kc6 56. Kc4 d3 57. Kc3 Kb7 58. Re5 Rc8+ 59.
Kd2 Rc2+ 60. Kd1 Rxb2 61. Re7+ Ka8 62. Rxe4 1/2-1/2

[Event "Budapest FS12 GM"]
[Site "Budapest"]
[Date "2000.12.10"]
[Round "8"]
[White "Radjabov, Teimour"]
[Black "Balogh, Csaba"]
[Result "1-0"]
[WhiteElo "2476"]
[BlackElo "2359"]
[PlyCount "85"]
[EventDate "2000.12.??"]
[EventType "tourn"]
[EventRounds "11"]
[EventCountry "HUN"]
[EventCategory "8"]
[SourceTitle "CBM 079 Extra"]
[Source "ChessBase"]
[SourceDate "2001.01.11"]
[SourceVersion "2"]
[SourceVersionDate "2001.01.25"]
[SourceQuality "1"]

1. d4 Nf6 2. Bg5 e6 3. e3 h6 4. Bh4 c5 5. Nd2 Be7 6. Bd3 cxd4 7. exd4 b6 8.
Ngf3 Bb7 9. O-O d6 10. Re1 Nbd7 11. a4 O-O 12. a5 Nh5 13. Bxe7 Qxe7 14. g3 Nhf6
15. c3 Qd8 16. b4 Rc8 17. c4 Qc7 18. Qb3 Rfe8 19. axb6 axb6 20. Ra7 Ra8 21.
Rea1 Rxa7 22. Rxa7 Qb8 23. Qa4 Rc8 24. Bf1 g6 25. Qa1 Rc7 26. Bg2 Kg7 27. Ne1
Bxg2 28. Rxc7 Qxc7 29. Nxg2 b5 30. Qa5 Qxa5 31. bxa5 bxc4 32. Nxc4 d5 33. Nd6
Ne4 34. Nxe4 dxe4 35. a6 Kf6 36. Ne3 Nb6 37. Ng4+ Ke7 38. h4 f5 39. Nxh6 Kf6
40. g4 Kg7 41. g5 Kf8 42. a7 e5 43. d5 1-0

[Event "Budapest FS12 GM"]
[Site "Budapest"]
[Date "2000.12.12"]
[Round "10"]
[White "Szeberenyi, Adam"]
[Black "Radjabov, Teimour"]
[Result "0-1"]
[WhiteElo "2357"]
[BlackElo "2476"]
[PlyCount "72"]
[EventDate "2000.12.??"]
[EventType "tourn"]
[EventRounds "11"]
[EventCountry "HUN"]
[EventCategory "8"]
[SourceTitle "CBM 079 Extra"]
[Source "ChessBase"]
[SourceDate "2001.01.11"]
[SourceVersion "2"]
[SourceVersionDate "2001.01.25"]
[SourceQuality "1"]

1. Nf3 Nf6 2. d4 g6 3. c4 Bg7 4. Nc3 O-O 5. e4 d6 6. Be2 e5 7. O-O Nc6 8. d5
Ne7 9. b4 Nh5 10. Re1 f5 11. Ng5 Nf6 12. Bf3 c6 13. Bb2 h6 14. Ne6 Bxe6 15.
dxe6 fxe4 16. Nxe4 Nxe4 17. Rxe4 d5 18. cxd5 cxd5 19. Rxe5 Bxe5 20. Bxe5 Qb6
21. Qd2 Kh7 22. Re1 a5 23. bxa5 Rxa5 24. Bd4 Qa6 25. Qb4 Re8 26. Be2 Ra4 27.
Qb3 Qa8 28. Bc5 Re4 29. Rb1 Rxe6 30. Bf1 b6 31. Bxb6 Rb8 32. Qf3 Nf5 33. g4 Ng7
34. h4 Rbxb6 35. Rc1 Qxa2 36. Qg3 Qb3 0-1

[Event "Budapest FS12 GM"]
[Site "Budapest"]
[Date "2000.12.13"]
[Round "11"]
[White "Radjabov, Teimour"]
[Black "Berkes, Ferenc"]
[Result "1/2-1/2"]
[WhiteElo "2476"]
[BlackElo "2372"]
[PlyCount "28"]
[EventDate "2000.12.??"]
[EventType "tourn"]
[EventRounds "11"]
[EventCountry "HUN"]
[EventCategory "8"]
[SourceTitle "CBM 079 Extra"]
[Source "ChessBase"]
[SourceDate "2001.01.11"]
[SourceVersion "2"]
[SourceVersionDate "2001.01.25"]
[SourceQuality "1"]

1. Nf3 Nf6 2. b3 d5 3. Bb2 Bg4 4. g3 Nbd7 5. Bg2 e6 6. O-O Bd6 7. c4 O-O 8. d4
c6 9. Nc3 Qe7 10. h3 Bh5 11. a3 a5 12. Re1 Ne4 13. Nxe4 dxe4 14. Ne5 f5 1/2-1/2

[Event "Corus-B"]
[Site "Wijk aan Zee"]
[Date "2001.01.18"]
[Round "3"]
[White "Radjabov, Teimour"]
[Black "Gurevich, Mikhail"]
[Result "0-1"]
[WhiteElo "2483"]
[BlackElo "2694"]
[Annotator "Lutz,C"]
[PlyCount "76"]
[EventDate "2001.01.13"]
[EventType "tourn"]
[EventRounds "11"]
[EventCountry "NED"]
[EventCategory "10"]
[SourceTitle "CBM 081"]
[Source "ChessBase"]
[SourceDate "2001.03.20"]
[SourceVersion "1"]
[SourceVersionDate "2001.03.20"]
[SourceQuality "1"]

1. d4 d5 2. c4 c6 3. Nf3 Nf6 4. Nc3 e6 5. e3 Nbd7 6. Qc2 Bd6 7. Bd3 O-O 8. O-O
dxc4 9. Bxc4 a6 10. Rd1 c5 11. dxc5 $6 {Dieser Zug erscheint mir äußerst
harmlos.} (11. a4 {ist der einzige Zug, um Schwarz Probleme zu bereiten, siehe
Van Wely,L-Dreev,A/New Delhi 2000/CBM 81_01}) 11... Bxc5 12. a3 (12. Bd3 h6 (
12... Qe7 13. Bd2 b6 14. Ne4 Bb7 15. Bc3 h6 16. Ne5 Nxe5 17. Bxe5 Nxe4 18. Bxe4
Rac8 19. Bxb7 Qxb7 20. Qe2 Rfd8 $11 {1/2-1/2 Lobron,E-Sturua,Z/Bad Wiessee
1998/EXT 2001 (45)}) 13. b3 b5 (13... Be7 14. Bb2 b6 15. Be4 Nxe4 16. Qxe4 Ra7
17. Ne5 Qe8 18. Nc6 Nf6 19. Nxe7+ Qxe7 20. Qd4 Qb7 21. Na4 b5 22. Nc5 Qa8 23.
Rac1 $16 {1-0 Adorjan,A-Polgar,Z/HUN 1991/CBM 27 (43)}) 14. Bb2 Bb7 15. Ne4 Be7
16. Ne5 Rc8 17. Qe2 Nxe5 18. Bxe5 Nxe4 19. Bxe4 $11 {1/2-1/2 Adorjan,A-Varga,Z/
Budapest 1992/EXT 97 (19)}) 12... b5 13. Be2 Bb7 14. b4 Be7 $11 {Die Stellung
ist annähernd symmetrishc, aber Schwarz hat den Vorteil, dass der Nbd7 besser
steht als der Nc3.} 15. Bb2 Qb8 16. Ng5 $6 {Weiß unterschätzt die Gefahren in
dieser scheinbar harmlosen Stellung. Das Springermnöver Nf3-g5-e4 hilft nur
dem Schwarzen. Weiß sollte kleine Brötchen backen.} (16. a4 {führt zum
Ausgleich:} Bxb4 (16... bxa4 17. Qxa4 $11) 17. axb5 axb5 18. Rxa8 Bxa8 19. Nxb5
$11 {Aber andererseits, wer will als Weißer shcon so frühzeitig das Remis
forcieren ?}) 16... Bd6 17. h3 $6 (17. f4 $5) 17... h6 18. Nge4 Bh2+ 19. Kh1
Be5 $1 $15 {Schwarz steht bereits besser.} 20. Bf3 Rc8 21. Rac1 Bxc3 22. Nxc3
Bxf3 23. gxf3 Qb7 $17 {Weiß hat keine Kompensation für die Bauernschwäche f3
und die Felderschwäche c4.} 24. Qe2 Rc4 25. Rg1 Rac8 26. e4 Ne5 27. Qe3 Ng6 {
Durch die Überführung des Springers nach g6 muss Schwarz keine Angst vor einem
weißen Angriff entlang der g-Linie haben.} 28. Rcd1 Nh5 29. Ne2 Qe7 30. Rg4 Rd8
31. Rdg1 Rc2 32. Bc3 Qc7 33. Rc1 Rxc1+ 34. Nxc1 Rd1+ 35. Rg1 Rxg1+ 36. Kxg1
Ngf4 37. Bd2 Nxh3+ 38. Kf1 Qh2 0-1

[Event "Corus-B"]
[Site "Wijk aan Zee"]
[Date "2001.01.21"]
[Round "5"]
[White "Radjabov, Teimour"]
[Black "Visser, Yge"]
[Result "1-0"]
[WhiteElo "2483"]
[BlackElo "2442"]
[Annotator "Tsesarsky,I"]
[PlyCount "76"]
[EventDate "2001.01.13"]
[EventType "tourn"]
[EventRounds "11"]
[EventCountry "NED"]
[EventCategory "10"]
[SourceTitle "CBM 081"]
[Source "ChessBase"]
[SourceDate "2001.03.20"]
[SourceVersion "1"]
[SourceVersionDate "2001.03.20"]
[SourceQuality "1"]

1. d4 Nf6 2. c4 g6 3. Nc3 Bg7 4. e4 d6 5. Be2 O-O 6. Nf3 e5 7. O-O Nc6 8. d5
Ne7 9. b4 a5 10. Ba3 Nd7 (10... Nh5 {-mainline}) 11. bxa5 {The best move in
this position} ({Dubious is} 11. Nb5 $6 axb4 12. Bxb4 b6 (12... f5 13. Nd2 Nc5
14. f3 Na6 15. Bc3 Bh6 16. Nb3 Be3+ 17. Kh1 f4 $132 {0-1 Loesch,Y-Pruefer,S/
Passau 1998/EXT 99 (36)}) 13. a4 Nc5 14. Nd2 Bh6 15. Qc2 f5 16. Bxc5 bxc5 17.
Rfd1 Bxd2 18. Rxd2 f4 $132 {0-1 Tolush,A-Grabczewski,R/Warsaw 1961/MCD (64)}) (
11. Ne1 axb4 12. Bxb4 Nc5 13. Nd3 Na6 14. Ba3 b6 15. Bb2 f5 $132 {0-1 Lukey,
S-Roeder,M/Melbourne 1994/EXT 97 (49)}) (11. Re1 Bh6 $1 (11... Kh8 12. Qc2 Ng8
13. bxa5 Rxa5 14. Bb4 Ra8 15. a4 f5 16. a5 Nh6 17. Nd2 g5 18. Nb5 f4 19. f3 $14
{1-0 Costa,P-Reis Luis,S/Lisbon 1998/EXT 2000 (55)}) 12. Nd2 f5 13. bxa5 Rxa5
14. Bb4 Ra8 15. Nb3 Nf6 16. exf5 gxf5 17. c5 Ng6 18. cxd6 cxd6 19. Nb5 $14 {
0-1 Raedeker,B-Gritsch,G/Wuerttemberg 1998/EXT 99 (45)}) 11... Kh8 (11... Nc5
$6 12. Bxc5 dxc5 13. Nd2 Bd7 (13... f5 14. Nb3 fxe4 15. Nxe4 Nf5 16. Nbxc5 Rxa5
17. Nb3 $16 {1-0 Qvortrup,J-Bergstad,O/NOR 1994/EXT 2000 (56)}) 14. Nb3 $16 {
1-0 Savchenko,S-Mrva,M/Yerevan 1996/EXT 97 (35)}) ({After} 11... Rxa5 12. Bb4
Ra6 13. Nd2 {White leaves with advantage:} (13. a4 f5 $132 {Rashkovsky,
N-Becerra Rivero,J/Ubeda 1999/CBM 68 ext (22)} (13... Bh6 14. a5 f5 15. Nd2 Nc5
16. Bxc5 Bxd2 17. Qxd2 dxc5 18. f4 $5 $14 {0-1 Bjerke,R-Ivanov,M/Gausdal 1997/
EXT 98 (94)})) 13... f5 14. a4 Nc5 15. a5 b6 16. axb6 Rxa1 17. Qxa1 cxb6 18.
Rb1 fxe4 19. Bxc5 bxc5 20. Ndxe4 Nf5 21. Rb8 $14 {1-0 Veingold,A-Kiltti,J/
Vantaa 1996/EXT 99 (47)}) 12. Nd2 ({Or} 12. Re1 Ng8 13. Nd2 f5 14. c5 dxc5 15.
Nc4 Ngf6 16. exf5 gxf5 17. Bb2 $14 {1-0 Epishin,V-Visser,Y/Hoogeveen NED 2000/
The Week in Chess 310 (35)}) 12... f5 $6 $14 {This move is connected with P
sacrifice. Therefore, Black hopes to use Nd2-b3 - too far from the kingside
and to start King Attack on this side of the board.} (12... Rxa5 $142 13. Bb4
Ra8 14. a4 $14 {(=) This position is typical for this variation. White's plan
is to promote c4-c5 and/or a4-a5 and to play on th queenside. Black's plan is
to play f7-f5 and to organize counterplay on the opponent side. Anyway, this
position is much better than position from the game with P up for White.}) 13.
Nb3 Nf6 14. f3 Bd7 $6 $16 ({Worth of attention was also.} 14... Nh5) (14... Bh6
) 15. c5 $1 {[%csl Rd6]} Nc8 (15... Bc8 {would be too strange - to lose 2
tempi...}) (15... dxc5 16. Nxc5 {[%csl Rb7]} b6 17. Nxd7 Nxd7 18. a6 Nc5 19.
Bxc5 bxc5 20. Rb1 $16) 16. Rb1 Nh5 (16... Bh6 17. Kh1 Be3 18. a6 bxa6 19. c6
Be8 20. Qd3 {and now:} Bh6 (20... Bb6 21. f4 $1 $16) 21. Na5 Nh5 22. g3 f4 23.
g4 $16) 17. Bb5 Bh6 (17... Bxb5 18. Nxb5 Qd7 19. Nc3 Nf4 20. Qc2 $16) 18. Bc1
Bf4 19. Bxd7 Qxd7 20. c6 $6 {This P sacrifice was not necessary} ({Good enough
was} 20. cxd6 cxd6 21. Ne2 Bxc1 22. Qxc1 $16) 20... bxc6 21. dxc6 Qxc6 22. Nd5
fxe4 (22... Bxc1 $2 23. Rxc1 $18 {[%csl Rc7]}) 23. fxe4 Qc4 $1 {[%csl Re4]
[%cal Gc4e4]} 24. Bxf4 Nxf4 25. Nxf4 Rxf4 26. Rxf4 exf4 27. Qf3 d5 $2 $18 {
Ununderstandable move.} ({Much better was} 27... Qf7 28. Rc1 {[%cal Gc1c7,
Gg2g3,Ge4e5]} Ra7 (28... Kg8 $6 29. g3 $1 {[%csl Rc7][%cal Gc1c7]} (29. e5 Rb8
30. a6 Na7 $132) 29... fxg3 (29... c5 30. Qxf4 Qxf4 31. gxf4 Kf7 32. e5 $1 $18)
30. Qxf7+ Kxf7 31. Rxc7+ Ke6 32. hxg3 h5 33. Kf2 $16) 29. Qg4 Ne7 30. Qd7 $1
$16) 28. Qxf4 (28. exd5 $18) 28... Nd6 (28... Kg8 29. Qf6 Qxe4 30. Qd8+ Kg7 31.
Rf1 Kh6 32. Qf8+ Kh5 33. Qg7 $18 {[%csl Rh5]}) 29. Qe5+ Kg8 30. Qxd5+ Qxd5 31.
exd5 Kf8 32. Re1 Nb5 33. Rc1 Ra7 34. Rc6 Ke8 35. a6 Kd8 36. Nc5 Nd6 37. Ne6+
Kd7 38. a4 Ra8 1-0